000 00980cam a22003137a 4500
003 CHAP
005 20220329134542.0
008 971013s1963 r 00010 d
010 _a22068
011 _a23040
035 _a27135
040 _cCHAP
082 _a311.2
_bC62
100 0 0 _aCochran, William Gemmel.
_924215
245 0 _aSampling techniques
_cby William Gemmel Cochran
250 _a2 ed.
260 _aNew York :
_bWiley,
_c1963.
300 _a413 p.
590 _aBATCH-UPD
_b10
_c20130110
_lUCH01
_h0236
590 _aBATCH-UPD
_b10
_c20130110
_lUCH01
_h1213
590 _aBATCH-UPD
_b10
_c20130409
_lUCH01
_h2302
590 _aBATCH-UPD
_b10
_c20130914
_lUCH01
_h0954
590 _aCONVERSION
_b10
_c20130109
_lUCH01
_h1313
650 1 4 _aMuestreo estadístico.
_979288
901 _aBK
942 _cLIBRO
949 _a311.2 C62
_bBC
_cLIBRO
_d33724000295234
_eLIBRO
_fc.2
_i27135
_si
_t125.00
949 _a311.2 C62
_bBC
_cLIBRO
_d33724000295242
_eLIBRO
_i27135
_si
_t125.00
999 _c22068
_d22068